| 000 | 00000nam##2200000za#4500 |
| 001 | 9.566498 |
| 003 | CaOODSP |
| 005 | 20210624180322 |
| 007 | cr ||||||||||| |
| 008 | 150406|1999||||xxc|||||o f|0| 0 eng|d |
| 040 | |aCaOODSP|beng |
| 043 | |an-cn--- |
| 086 | 1 |aTU3-5/99-4E-PDF |
| 110 | 2 |aTransportation Safety Board of Canada. |
| 245 | 10|aControlled flight into terrain (lake) - Slave Air (1998) Ltd., Beech King Air C90 C-GSAX, Slave Lake, Alberta 3 nm NW, 19 February 1999 |h[electronic resource] |
| 260 | |aGatineau - Quebec : |bTransportation Safety Board of Canada |c[2000]. |
| 300 | |a17p.|bglossary, tables |
| 490 | 1 |aAviation investigation report |vA99W0031 |
| 500 | |a"This report concludes the Transportation Safety Board's investigation into this occurrence. Consequently, the Board authorized the release of this report on 20 April 2000.»--Page 16 of 17. |
| 590 | |a10-10-Supp|b2010-11-09 |
| 775 | 08|tImpact sans perte de contrôle (avec un lac) - Slave Air (1998) Ltd., Beech King Air C90 C-GSAX, 3 nm au nord-ouest de Slave Lake (Alberta), le 19 février 1999 |w(CaOODSP)9.597971 |
| 830 | #0|aAviation investigation report ;|vA99W0031|w(CaOODSP)9.504825 |
| 856 | 40|ahttp://publications.gc.ca|qPDF|s56 KB|uhttps://publications.gc.ca/collections/collection_2009/bst-tsb/TU3-5-99-4E.pdf|yA99W0031 |